London County Council (Record no. 116160)

MARC details
000 -LEADER
fixed length control field 01495cam a22003015a 4500
001 - CONTROL NUMBER
control field L159936
008 - FIXED-LENGTH DATA ELEMENTS--GENERAL INFORMATION
fixed length control field 180409s2016 xxk f 000 0 eng d
020 ## - INTERNATIONAL STANDARD BOOK NUMBER
International Standard Book Number 9780500518250
035 ## - SYSTEM CONTROL NUMBER
System control number (Sirsi) u159936
041 0# - LANGUAGE CODE
Language code of text/sound track or separate title eng
050 04 - LIBRARY OF CONGRESS CALL NUMBER
Classification number F526.09
100 1# - MAIN ENTRY--PERSONAL NAME
Personal name Ward, Laurence
245 00 - TITLE STATEMENT
Title London County Council
Remainder of title Bomb damage maps 1939-1945
260 ## - PUBLICATION, DISTRIBUTION, ETC.
Place of publication, distribution, etc. London
Name of publisher, distributor, etc. Thames&Hudson
Date of publication, distribution, etc. 2016
300 ## - PHYSICAL DESCRIPTION
Extent 288p ; 37 cm
520 ## - SUMMARY, ETC.
Summary, etc. A collection of maps originally published in 1916 updated in 1940 were used by the LCC's Architect's Department to record cumulative damage to buildings caused by air raids and V-weapons. Includes a brief history on the bombing of London, describes the role of architects and district surveyors in helping out with civil defence and search and rescue and excerpts from reports of local damage from members of staff. Lists incidents from August 1940 to March 1945 including damage to both public buildings in central London and properties in residenital areas. Statistics record civilian casualities and war damage to buildings. Photographs illustrate damage. Original maps are held by London Metropolitan Archives (LMA)
590 ## - LOCAL NOTE (RLIN)
Local note NTK
650 24 - SUBJECT ADDED ENTRY--TOPICAL TERM
Topical term or geographic name entry element MAPS
650 24 - SUBJECT ADDED ENTRY--TOPICAL TERM
Topical term or geographic name entry element LONDON COUNTY COUNCIL
650 24 - SUBJECT ADDED ENTRY--TOPICAL TERM
Topical term or geographic name entry element BOMB DAMAGE
650 24 - SUBJECT ADDED ENTRY--TOPICAL TERM
Topical term or geographic name entry element SECOND WORLD WAR
651 #4 - SUBJECT ADDED ENTRY--GEOGRAPHIC NAME
Geographic name London
690 ## - LOCAL SUBJECT ADDED ENTRY--TOPICAL TERM (OCLC, RLIN)
Topical term or geographic name as entry element Conservation and restoration
690 ## - LOCAL SUBJECT ADDED ENTRY--TOPICAL TERM (OCLC, RLIN)
Topical term or geographic name as entry element Hydrography
9 (RLIN) 6245
690 ## - LOCAL SUBJECT ADDED ENTRY--TOPICAL TERM (OCLC, RLIN)
Topical term or geographic name as entry element Residential property
9 (RLIN) 6266
690 ## - LOCAL SUBJECT ADDED ENTRY--TOPICAL TERM (OCLC, RLIN)
Topical term or geographic name as entry element Building surveying
9 (RLIN) 6225
942 ## - ADDED ENTRY ELEMENTS (KOHA)
Suppress in OPAC 0
Source of classification or shelving scheme Dewey Decimal Classification
Holdings
Withdrawn status Lost status Source of classification or shelving scheme Damaged status Not for loan Home library Current library Shelving location Date acquired Total Checkouts Full call number Barcode Date last seen Copy number Price effective from Koha item type
    Dewey Decimal Classification     London London Folio 09/04/2018   F526.09 WAR 30078952 06/08/2019 1 06/08/2019 Book